000 00338nam a2200121 4500
008 b xx# fre u
040 _aLB-BrCRDP
082 1 _a796.07
_bFAU
100 1 _aFaure, Fabien
245 1 0 _a50 activités de jeu dramatique en EPS
_cFabien Faure
942 _cBK
999 _c9824
_d9824